The biases of management
Αποθηκεύτηκε σε:
| Κύριος συγγραφέας: | |
|---|---|
| Μορφή: | Βιβλίο |
| Γλώσσα: | English |
| Δημοσίευση: |
London :
Routledge,
1993
|
| Σειρά: | Organizational behaviour and management series
|
| Θέματα: | |
| Ετικέτες: |
Προσθήκη ετικέτας
Δεν υπάρχουν, Καταχωρήστε ετικέτα πρώτοι!
|
MARC
| LEADER | 00000nam a2200000 i 4500 | ||
|---|---|---|---|
| 001 | 1/60588 | ||
| 008 | 980604s1993 eng d | ||
| 020 | |a 0415101964 | ||
| 035 | |l 10028741 | ||
| 040 | |a GR-MY-UA |b gre |e aacr | ||
| 041 | 0 | |a eng | |
| 082 | 0 | |a 658.4 | |
| 100 | 1 | |a Carroll, Barbara Wake |d 1947- | |
| 245 | 1 | 4 | |a The biases of management / |c Barbara Wake Carroll |
| 260 | |a London : |b Routledge, |c 1993 | ||
| 300 | |a vi, 166 p. | ||
| 490 | 1 | |a Organizational behaviour and management series | |
| 504 | |a Includes bibliography and index | ||
| 650 | 0 | 0 | |a Management |x Philosophy. |
| 650 | 0 | 0 | |a Prejudices. |
| 650 | 0 | 0 | |a Decision making. |
| 650 | 0 | 0 | |a Management |x Social aspects. |
| 830 | 0 | |a Organizational behaviour and management series | |
| 852 | |a INST |b CHIOS |e 19980604 |h 658.4 CAR |p 005200016360 |q 005200016360 |t BK |y 0 | ||
| 901 | |a BIBL-1998-2 | ||
| 909 | |a Χ |b 056980 | ||
| 922 | |a 2ΕΛΗ |b 199806 |c ΤΔΕ |d ΠΑΠΑΣΩΤΗΡΙΟΥ | ||